Manual de urgencias oftalmológicas / (Registro nro. 23504)

Detalles MARC
000 -LEADER
fixed length control field 01470nam a2200337 4500
001 - CONTROL NUMBER
control field 0000014521
003 - CONTROL NUMBER IDENTIFIER
control field CO-CtgCURN
005 - DATE AND TIME OF LATEST TRANSACTION
control field 20250528143112.0
007 - PHYSICAL DESCRIPTION FIXED FIELD--GENERAL INFORMATION
fixed length control field ta
008 - FIXED-LENGTH DATA ELEMENTS--GENERAL INFORMATION
fixed length control field 160627s1998 000 0 eng d
020 ## - INTERNATIONAL STANDARD BOOK NUMBER
International Standard Book Number 9701014758
040 ## - CATALOGING SOURCE
Original cataloging agency CO-CtgCURN
Language of cataloging spa
Transcribing agency coctgcurn
082 0# - DEWEY DECIMAL CLASSIFICATION NUMBER
Classification number 617.7
Item number R43m
110 2# - MAIN ENTRY--CORPORATE NAME
Corporate name or jurisdiction name as entry element The Wills Eye Hospital.
245 10 - TITLE STATEMENT
Title Manual de urgencias oftalmológicas /
Statement of responsibility, etc. editores, R. Douglas Cullon, Benjamin Chang , traductor, Rogelio Herreman C.
250 ## - EDITION STATEMENT
Edition statement 2a ed.
260 ## - PUBLICATION, DISTRIBUTION, ETC.
Place of publication, distribution, etc. Mexico :
Name of publisher, distributor, etc. McGraw-Hill Interamericana,
Date of publication, distribution, etc. 1998.
300 ## - PHYSICAL DESCRIPTION
Extent xxii, 509 p.
336 ## - CONTENT TYPE
Source rdacontent
337 ## - MEDIA TYPE
Source rdamedia
Media type term sin mediacion
Media type code n
338 ## - CARRIER TYPE
Source rdacarrier
Carrier type term volumen
Carrier type code nc
500 ## - GENERAL NOTE
General note Incluye indice y apendices.
504 ## - BIBLIOGRAPHY, ETC. NOTE
Bibliography, etc. note Incluye bibliografia (p. 495)
505 8# - FORMATTED CONTENTS NOTE
Formatted contents note Diagnostico diferencial de los sintomas oculares -- Diagnostico diferencial de los signos oculares -- Traumatismo -- Cornea -- Conjuntiva/Esclera/Padecimientos externos -- Parpados -- Orbita -- Tumores oculares -- Pediatria -- Glaucoma -- Neurooftalmología -- Retina -- Uveitis -- Padecimientos sistemicos -- Problemas oftalmologicos generales
534 ## - ORIGINAL VERSION NOTE
Main entry of original Wills eye manual: office , emergency room diagnosis , treatment of eye disease.
650 14 - SUBJECT ADDED ENTRY--TOPICAL TERM
Topical term or geographic name entry element Urgencias oftalmologicas.
700 1# - ADDED ENTRY--PERSONAL NAME
Personal name Cullon, R. Douglas,
Relator term Editor.
908 ## - PUT COMMAND PARAMETER (RLIN)
Put command parameter 160627
942 ## - ADDED ENTRY ELEMENTS (KOHA)
Koha item type Libros
Classification part 617.7
Item part R43m
Source of classification or shelving scheme Dewey Decimal Classification
Suppress in OPAC No
Existencias
Withdrawn status Lost status Source of classification or shelving scheme Damaged status Not for loan Collection Home library Current library Shelving location Date acquired Inventory number Total checkouts Full call number Barcode Date last seen Price effective from Koha item type Public note
    Dewey Decimal Classification     General Miguel Henríquez Emiliani Miguel Henríquez Emiliani General 03/31/2025 009955   617.7 R43m 009955 03/31/2025 03/31/2025 Libros 610-CIENME